Statistiken für Weltsportverbände I (Abkürzungen)

Klicken Sie hier um das Quiz zu spielen!

Allgemein

  • Dieses Quiz wurde 58 mal gespielt
  • Das Durchschnittsergebnis liegt bei 5 aus 27

Antwortstatistiken

WeltverbandSportart% Korrekt
FIFAFußball
100%
FIBABasketball
91%
FIVBVolleyball
42%
ITTFTischtennis
37%
IHFHandball
33%
ITFTennis
33%
UCIRadsport
19%
IJFJudo
16%
IGFGolf
9%
FIHHockey
9%
FEIReitsport
9%
FINASchwimmsport
9%
FIGTurnen
9%
BWFBadminton
5%
FIEFechten
5%
IWFGewichtheben
5%
ICFKanu
5%
WALeichtathletik
5%
UIPMModerner Fünfkampf
5%
UWWRingen
5%
WRRugby
5%
ISSFSportschießen
5%
WABogenschießen
2%
FISARudern
2%
WSSegeln
2%
WTFTaekwondo
2%
WTTriathlon
2%

Verteilung der Resultate

Perzentil nach korrekt beantworteten Fragen

Anzahl Personen mit jedem Resultat

Ihre Resultats-Entwicklung

Sie haben dieses Quiz noch nicht gespielt